[Event "TP Chess Masters 2025"]
[Site "Ghent BEL"]
[Date "2025.07.21"]
[Round "5.4"]
[White "Van Volsem, Merlijn"]
[Black "Victor, Julian"]
[Result "1-0"]
[BlackTitle "FM"]
[WhiteElo "2278"]
[BlackElo "2316"]
[WhiteFideId "258806"]
[BlackFideId "257257"]
[EventDate "2025.07.19"]

1. Nf3 d5 2. g3 Nf6 3. Bg2 e6 4. O-O Be7 5. c4 O-O 6. b3 d4 7. e3 c5 8. exd4
cxd4 9. Re1 Nc6 10. Ne5 Nxe5 11. Rxe5 Bd6 12. Re1 e5 13. d3 Re8 14. Bg5 h6 15.
Bxf6 Qxf6 16. a3 a5 17. Nd2 Rb8 18. Ne4 Qe7 19. Nxd6 Qxd6 20. Qd2 Bf5 21. b4 b6
22. Rac1 axb4 23. axb4 Qg6 24. f4 exf4 25. Qxf4 Bxd3 26. Qxd4 Be2 27. c5 bxc5
28. bxc5 Bg4 29. c6 Rxe1+ 30. Rxe1 Rb1 31. Qf2 Rxe1+ 32. Qxe1 Qd6 33. Qe8+ Kh7
34. Qxf7 Qc5+ 35. Qf2 Qc1+ 36. Qf1 Qc5+ 37. Kh1 Qc2 38. h3 Bxh3 39. Bxh3 Qxc6+
40. Bg2 Qe6 41. Qf4 g6 42. Qc7+ Kh8 43. Kh2 Qf6 44. Qd7 Qg7 45. Qe8+ Qg8 46. Qe3
Kh7 47. Qd3 Qf7 48. Bd5 Qf6 49. Qe3 Qb2+ 50. Kh3 Qf6 51. Qa7+ Qg7 52. Qa8 Qd7+
53. Kh2 Qg7 54. Qe8 Qh8 55. Qe6 Qf8 56. Kg2 Kg7 57. Qd7+ Kf6 58. Be4 Qc5 59. Qe8
Qg5 60. Qd8+ 1-0

[Event "TP Chess Masters 2025"]
[Site "Ghent BEL"]
[Date "2025.07.21"]
[Round "5.5"]
[White "Ruzhansky, Elias"]
[Black "Fernandez, Daniel Howard"]
[Result "0-1"]
[WhiteTitle "FM"]
[BlackTitle "GM"]
[WhiteElo "2320"]
[BlackElo "2481"]
[WhiteFideId "472824"]
[BlackFideId "5801605"]
[EventDate "2025.07.19"]

1. e4 c6 2. d4 d5 3. e5 c5 4. c3 Nc6 5. Be2 a6 6. Nf3 Bg4 7. O-O e6 8. Nbd2 cxd4
9. cxd4 Qb6 10. h3 Bh5 11. Nb3 Nge7 12. g4 Bg6 13. Be3 h5 14. Nh4 hxg4 15. Nxg6
Nxg6 16. hxg4 Qd8 17. g5 Be7 18. f4 Kd7 19. Bh5 Rh7 20. Kf2 a5 21. Rh1 a4 22.
Nc1 Qb6 23. Nd3 Rah8 24. Rc1 Qb5 25. Rc3 Bb4 26. Nxb4 Qxb4 27. Rc2 Nge7 28. Kg1
Nf5 29. Bf2 Ncxd4 30. Rd2 g6 31. Bxd4 Rxh5 32. Rxh5 Rxh5 33. a3 Qc4 34. Rd3 Ke8
35. Qd2 Rh4 36. Qa5 Qc1+ 37. Kg2 Qh1+ 0-1

[Event "TP Chess Masters 2025"]
[Site "Ghent BEL"]
[Date "2025.07.21"]
[Round "6.1"]
[White "Pijpers, Arthur"]
[Black "Fernandez, Daniel Howard"]
[Result "1/2-1/2"]
[WhiteTitle "IM"]
[BlackTitle "GM"]
[WhiteElo "2500"]
[BlackElo "2481"]
[WhiteFideId "1019554"]
[BlackFideId "5801605"]
[EventDate "2025.07.19"]

1. e4 e6 2. d4 d5 3. Nc3 Bb4 4. e5 c5 5. a3 Ba5 6. b4 cxd4 7. Qg4 Ne7 8. bxa5
dxc3 9. Qxg7 Rg8 10. Qxh7 Nbc6 11. Nf3 Qc7 12. Bf4 Bd7 13. a6 b6 14. Bg3 O-O-O
15. Bd3 Rdf8 16. Qh6 Rh8 17. Qe3 Na5 18. O-O Nc4 19. Qd4 Bb5 20. Qxc3 Bxa6 21.
Nd4 Kb7 22. a4 Rc8 23. Nb5 Bxb5 24. axb5 Qc5 25. Bxc4 Nf5 26. Ra6 dxc4 27. Rfa1
Ra8 28. Qf3+ Qd5 29. Qa3 Qxb5 30. Rxa7+ Rxa7 31. Qxa7+ Kc6 32. Qxf7 Qd5 33. c3
Ra8 34. Rc1 Ra2 35. Bf4 Rc2 36. Qe8+ Kb7 37. Ra1 Ra2 38. Qf7+ Kc6 39. Rf1 Ra3
40. Qe8+ Kb7 41. g4 Qe4 42. Qd7+ Ka6 43. Qc8+ Kb5 44. Qe8+ Ka5 45. Qf8 Rxc3 46.
Ra1+ Kb5 47. Qe8+ Kc5 48. Qc8+ Kb5 49. Qd7+ Kc5 50. Qc8+ Kb5 51. Qxe6 Nd4 52.
Qd7+ Kc5 53. Qd6+ Kb5 54. Qd7+ Kc5 55. Qd6+ Kb5 56. Qd7+ 1/2-1/2

[Event "TP Chess Masters 2025"]
[Site "Ghent BEL"]
[Date "2025.07.21"]
[Round "6.2"]
[White "Victor, Julian"]
[Black "Ruzhansky, Elias"]
[Result "0-1"]
[WhiteTitle "FM"]
[BlackTitle "FM"]
[WhiteElo "2316"]
[BlackElo "2320"]
[WhiteFideId "257257"]
[BlackFideId "472824"]
[EventDate "2025.07.19"]

1. Nf3 Nf6 2. b3 d5 3. Bb2 Bf5 4. g3 e6 5. Bg2 h6 6. O-O Nbd7 7. d3 Be7 8. Nc3
O-O 9. Nd2 Bh7 10. e4 c6 11. Qe2 a5 12. f4 a4 13. Rae1 Bb4 14. Nd1 axb3 15. axb3
Ra2 16. c3 Be7 17. b4 dxe4 18. dxe4 Qb6+ 19. Kh1 Qa6 20. Nc4 Nb6 21. Nxb6 Qxb6
22. Ne3 Qa6 23. Nc4 Nd7 24. Ra1 Rxb2 25. Qxb2 Qxc4 26. Rfe1 Nf6 27. f5 exf5 28.
Bf1 Qe6 29. exf5 Qd7 30. Rad1 Qxf5 0-1

[Event "TP Chess Masters 2025"]
[Site "Ghent BEL"]
[Date "2025.07.21"]
[Round "6.3"]
[White "Dgebuadze, Alexandre"]
[Black "Van Volsem, Merlijn"]
[Result "1/2-1/2"]
[WhiteTitle "GM"]
[WhiteElo "2396"]
[BlackElo "2278"]
[WhiteFideId "203882"]
[BlackFideId "258806"]
[EventDate "2025.07.19"]

1. e4 c5 2. Nf3 g6 3. c3 d5 4. exd5 Qxd5 5. d4 Bg7 6. Na3 cxd4 7. Nb5 Na6 8.
Nbxd4 Nf6 9. Bb5+ Bd7 10. Bxa6 bxa6 11. O-O O-O 12. Re1 Rfe8 13. Ne5 Bc8 14. Qb3
Bb7 15. Ndf3 Rab8 16. Rd1 Qxb3 17. axb3 Rbd8 18. Rxd8 Rxd8 19. Be3 Nd5 20. Rd1
Ra8 21. Bc5 Nb6 22. Bxe7 Re8 23. Rd8 Rxd8 24. Bxd8 Bd5 25. c4 Bxf3 26. Nxf3 Bxb2
27. c5 Nc8 28. Kf1 Kf8 29. Ke2 Ba3 30. c6 Ke8 31. Bf6 Be7 32. Be5 f6 33. Bb8 Bc5
34. Nd2 Ne7 35. Ne4 Bd4 36. Nd6+ Kd8 37. c7+ Kd7 38. f3 Bc5 39. Ne4 1/2-1/2

[Event "TP Chess Masters 2025"]
[Site "Ghent BEL"]
[Date "2025.07.21"]
[Round "6.4"]
[White "Grutter, Tim"]
[Black "Gormally, Daniel W"]
[Result "0-1"]
[WhiteTitle "IM"]
[BlackTitle "GM"]
[WhiteElo "2405"]
[BlackElo "2435"]
[WhiteFideId "1057472"]
[BlackFideId "406465"]
[EventDate "2025.07.19"]

1. e4 c5 2. Nf3 d6 3. Bb5+ Nc6 4. O-O Bd7 5. Re1 Nf6 6. c3 a6 7. Bf1 Bg4 8. d4
cxd4 9. cxd4 e5 10. d5 Nd4 11. Be3 Nxf3+ 12. gxf3 Bd7 13. Nd2 b5 14. a4 Be7 15.
axb5 axb5 16. b4 O-O 17. Nb3 Rxa1 18. Qxa1 Nh5 19. Qa5 Qe8 20. Kh1 f5 21. Be2
fxe4 22. fxe4 Nf4 23. Bxf4 Rxf4 24. f3 Rh4 25. Qa7 Bg5 26. Qf2 Qe7 27. Rg1 Bf4
28. Rg2 Bh3 29. Rg3 Bxg3 30. hxg3 Rh6 31. Kg1 Qg5 32. Bxb5 Rg6 33. Bf1 Bxf1 34.
Kxf1 Qh5 35. Nd2 Qh3+ 36. Qg2 Qd7 37. Ke1 Qb7 38. Qh3 Rh6 39. Qg4 Rh1+ 40. Ke2
Qa6+ 41. Kf2 Rh2+ 42. Kg1 Rxd2 43. Qe6+ Kf8 44. Qf5+ Ke8 45. Qe6+ Kd8 46. Qg8+
Kc7 0-1

[Event "TP Chess Masters 2025"]
[Site "Ghent BEL"]
[Date "2025.07.21"]
[Round "6.5"]
[White "Dauw, Sterre"]
[Black "Van Osch, Mees"]
[Result "1-0"]
[WhiteTitle "FM"]
[BlackTitle "FM"]
[WhiteElo "2354"]
[BlackElo "2347"]
[WhiteFideId "248886"]
[BlackFideId "1035967"]
[EventDate "2025.07.19"]

1. e4 c5 2. Nf3 e6 3. d4 cxd4 4. Nxd4 Nf6 5. Nc3 Nc6 6. Nxc6 bxc6 7. e5 Nd5 8.
Ne4 Bb7 9. c4 Nb4 10. a3 Qa5 11. Bd2 Qxe5 12. f3 Na6 13. Bc3 Qc7 14. Qd2 d5 15.
cxd5 exd5 16. Ng3 Nc5 17. Qe3+ Ne6 18. Nf5 O-O-O 19. Qxa7 Bc5 20. Qa4 d4 21. Ba5
Qe5+ 22. Kd1 Qxf5 23. Bxd8 Rxd8 24. Ba6 Nc7 25. Bxb7+ Kxb7 26. Qb3+ Bb6 27. a4
Rd5 28. Re1 Ne6 29. Rc1 d3 30. Re4 Kc7 31. Qc4 Rc5 32. Qb4 Rxc1+ 33. Kxc1 Qg5+
34. Qd2 Qc5+ 35. Kd1 Qd5 36. Qb4 Qa2 37. Rc4 Kd7 38. Rc3 Bd4 39. Rxd3 c5 40.
Qb5+ Ke7 41. Kc2 Qd5 42. a5 Qe5 43. Rd2 Be3 44. Qb7+ Kf6 45. Rd7 Qxh2 46. Rxf7+
Kg6 47. Re7 Qxg2+ 48. Kb1 Qf1+ 49. Ka2 Qc4+ 50. Qb3 Qxb3+ 51. Kxb3 Kf6 52. Rd7
c4+ 53. Kxc4 h5 54. a6 h4 55. a7 Bxa7 56. Rxa7 Ng5 57. Ra8 Kg6 58. f4 Nf7 59.
Kd4 Nd6 60. Ra6 h3 61. Rxd6+ 1-0

[Event "TP Chess Masters 2025"]
[Site "Ghent BEL"]
[Date "2025.07.22"]
[Round "7.2"]
[White "Gormally, Daniel W"]
[Black "Dauw, Sterre"]
[Result "1/2-1/2"]
[WhiteTitle "GM"]
[BlackTitle "FM"]
[WhiteElo "2435"]
[BlackElo "2354"]
[WhiteFideId "406465"]
[BlackFideId "248886"]
[EventDate "2025.07.19"]

1. e4 c5 2. Nf3 d6 3. c3 Nf6 4. h3 g6 5. Bd3 Bg7 6. Bc2 e5 7. O-O O-O 8. d4 cxd4
9. cxd4 exd4 10. Nxd4 Nc6 11. Nc3 d5 12. Nxc6 bxc6 13. Be3 Nxe4 14. Nxe4 dxe4
15. Qxd8 Rxd8 16. Bxe4 Be6 17. Bxc6 Rac8 18. Rac1 1/2-1/2

[Event "TP Chess Masters 2025"]
[Site "Ghent BEL"]
[Date "2025.07.22"]
[Round "7.3"]
[White "Van Volsem, Merlijn"]
[Black "Grutter, Tim"]
[Result "0-1"]
[BlackTitle "IM"]
[WhiteElo "2278"]
[BlackElo "2405"]
[WhiteFideId "258806"]
[BlackFideId "1057472"]
[EventDate "2025.07.19"]

1. c4 Nf6 2. Nc3 g6 3. g3 Bg7 4. Bg2 O-O 5. d4 d6 6. Nf3 Bf5 7. Nh4 Bc8 8. O-O
e5 9. Nf3 Nc6 10. dxe5 dxe5 11. Qxd8 Rxd8 12. Bg5 h6 13. Bxf6 Bxf6 14. Nd5 Kg7
15. Rad1 Bg4 16. h3 Bxf3 17. Bxf3 Nd4 18. Kg2 c6 19. Nc3 Be7 20. e3 Ne6 21. a3
f5 22. e4 a5 23. h4 f4 24. h5 g5 25. Bg4 Nc5 26. Kf3 Nb3 27. Rfe1 Nd2+ 28. Ke2
Nxc4 29. Na4 Kf7 30. b3 Nxa3 31. Nb6 Nb5 32. Nxa8 Nc3+ 33. Kf1 Nxd1 34. Rxd1
Rxa8 35. Rd7 b5 36. Rc7 a4 37. bxa4 bxa4 38. Rxc6 a3 39. Be6+ Kg7 40. Ba2 fxg3
41. Rc7 Kf8 42. fxg3 Rb8 43. Rc2 g4 44. Ke2 Kg7 45. Kd3 Rf8 46. Kc4 Rc8+ 47. Kd3
Rxc2 48. Kxc2 Kf6 49. Kd3 Bb4 50. Ke2 Ke7 51. Kd1 Kd6 52. Bd5 Bc5 53. Ke2 Bb4
54. Kd1 Kc5 55. Kc2 Kd4 56. Kb3 Ke3 57. Kxb4 Kf3 58. Kxa3 Kxg3 59. Kb4 Kf3 60.
Be6 g3 61. Bh3 g2 62. Bxg2+ Kxg2 63. Kc5 Kf3 64. Kd5 Kf4 65. Ke6 Kxe4 66. Kf6
Kf4 67. Kg6 e4 68. Kxh6 e3 69. Kg7 e2 70. h6 e1=Q 71. h7 Qe7+ 72. Kg8 Kg5 73.
h8=Q Kg6 0-1

[Event "TP Chess Masters 2025"]
[Site "Ghent BEL"]
[Date "2025.07.22"]
[Round "7.4"]
[White "Ruzhansky, Elias"]
[Black "Dgebuadze, Alexandre"]
[Result "1/2-1/2"]
[WhiteTitle "FM"]
[BlackTitle "GM"]
[WhiteElo "2320"]
[BlackElo "2396"]
[WhiteFideId "472824"]
[BlackFideId "203882"]
[EventDate "2025.07.19"]

1. e4 e6 2. d4 d5 3. Nc3 Bb4 4. e5 Ne7 5. a3 Bxc3+ 6. bxc3 b6 7. h4 Ba6 8. h5
Bxf1 9. Kxf1 h6 10. Rh3 Qd7 11. a4 Nbc6 12. Rf3 Na5 13. Rf4 Nc4 14. Qf3 Rf8 15.
Ne2 a5 1/2-1/2

[Event "TP Chess Masters 2025"]
[Site "Ghent BEL"]
[Date "2025.07.22"]
[Round "7.5"]
[White "Fernandez, Daniel Howard"]
[Black "Victor, Julian"]
[Result "1-0"]
[WhiteTitle "GM"]
[BlackTitle "FM"]
[WhiteElo "2481"]
[BlackElo "2316"]
[WhiteFideId "5801605"]
[BlackFideId "257257"]
[EventDate "2025.07.19"]

1. e4 c5 2. Nf3 g6 3. c3 d5 4. exd5 Qxd5 5. d4 Bg7 6. Be3 cxd4 7. cxd4 Qa5+ 8.
Nc3 Nh6 9. Bc4 O-O 10. O-O Bg4 11. Qd2 Nf5 12. Ne5 Nxe3 13. Qxe3 Bxe5 14. dxe5
Be6 15. Bxe6 fxe6 16. Rad1 Nc6 17. Rd7 Qxe5 18. Qxe5 Nxe5 19. Rxe7 Rf7 20. Rxe6
Nd3 21. Re2 Rc8 22. Nb5 Rc5 23. Nd6 Rd7 24. Ne4 Rc6 25. Rd2 Ne5 26. Rxd7 Nxd7
27. Rd1 Nf8 28. g3 Kf7 29. Kg2 Ke6 30. Nc3 a6 31. h4 Nd7 32. f3 Nf6 33. Kf2 h5
34. Rd2 Ke7 35. Ke3 Rc4 36. Ne4 Nxe4 37. fxe4 Rc1 38. Kf4 Rc5 39. Rd4 Ke6 40. a4
a5 41. b4 Rc3 42. bxa5 Rb3 43. Rd5 Rb4 44. Rb5 Rxa4 45. Rb6+ 1-0

[Event "TP Chess Masters 2025"]
[Site "Ghent BEL"]
[Date "2025.07.22"]
[Round "8.1"]
[White "Pijpers, Arthur"]
[Black "Victor, Julian"]
[Result "1-0"]
[WhiteTitle "IM"]
[BlackTitle "FM"]
[WhiteElo "2500"]
[BlackElo "2316"]
[WhiteFideId "1019554"]
[BlackFideId "257257"]
[EventDate "2025.07.19"]

1. e4 c5 2. Nc3 Nc6 3. Nf3 g6 4. d4 cxd4 5. Nxd4 Bg7 6. Be3 Nf6 7. Bc4 O-O 8.
Qe2 d6 9. f3 Bd7 10. O-O-O Nxd4 11. Bxd4 Qa5 12. h4 Rfc8 13. Bb3 h5 14. Kb1 Rab8
15. e5 dxe5 16. Qxe5 Qd8 17. Qg5 e6 18. Qf4 Qe7 19. Bxf6 Bxf6 20. Rxd7 1-0

[Event "TP Chess Masters 2025"]
[Site "Ghent BEL"]
[Date "2025.07.22"]
[Round "8.2"]
[White "Dgebuadze, Alexandre"]
[Black "Fernandez, Daniel Howard"]
[Result "1/2-1/2"]
[WhiteTitle "GM"]
[BlackTitle "GM"]
[WhiteElo "2396"]
[BlackElo "2481"]
[WhiteFideId "203882"]
[BlackFideId "5801605"]
[EventDate "2025.07.19"]

1. e4 e5 2. Nf3 Nf6 3. Nxe5 d6 4. Nf3 Nxe4 5. d3 Nf6 6. d4 Be7 7. Be2 O-O 8. O-O
c6 9. Re1 Re8 10. c3 Nbd7 1/2-1/2

[Event "TP Chess Masters 2025"]
[Site "Ghent BEL"]
[Date "2025.07.22"]
[Round "8.3"]
[White "Grutter, Tim"]
[Black "Ruzhansky, Elias"]
[Result "1/2-1/2"]
[WhiteTitle "IM"]
[BlackTitle "FM"]
[WhiteElo "2405"]
[BlackElo "2320"]
[WhiteFideId "1057472"]
[BlackFideId "472824"]
[EventDate "2025.07.19"]

1. e4 c5 2. Nf3 d6 3. d4 cxd4 4. Nxd4 Nf6 5. Nc3 Nc6 6. Bg5 Bd7 7. Nxc6 bxc6 8.
Bc4 h6 9. Bxf6 exf6 10. Qh5 g6 11. Qe2 Be7 12. O-O-O O-O 13. Bb3 a5 14. Kb1 Qb8
15. f4 Kg7 16. h4 d5 17. exd5 Bb4 18. dxc6 Bxc6 19. Qc4 Bxg2 20. Rhg1 Qb7 21.
Nd5 Bxd5 22. Qxd5 Qxd5 23. Rxd5 Rfd8 24. c3 Be7 25. Re1 1/2-1/2

[Event "TP Chess Masters 2025"]
[Site "Ghent BEL"]
[Date "2025.07.22"]
[Round "8.4"]
[White "Dauw, Sterre"]
[Black "Van Volsem, Merlijn"]
[Result "1/2-1/2"]
[WhiteTitle "FM"]
[WhiteElo "2354"]
[BlackElo "2278"]
[WhiteFideId "248886"]
[BlackFideId "258806"]
[EventDate "2025.07.19"]

1. e4 c5 2. Nf3 g6 3. c4 Nc6 4. d4 cxd4 5. Nxd4 Nf6 6. Nc3 d6 7. Be2 Nxd4 8.
Qxd4 Bg7 9. Be3 O-O 10. Qd2 a5 11. O-O a4 12. Rab1 Qa5 13. Rfc1 Be6 14. f3 Rfc8
15. b4 axb3 16. axb3 Qb4 17. Rc2 Ra3 18. Nb5 Qxd2 19. Rxd2 Ra5 20. Kf2 Ne8 21.
f4 Rca8 22. Bf3 Bd7 23. Nd4 e5 24. Ne2 Ra2 25. Rbd1 Rxd2 26. Rxd2 Bc6 27. fxe5
Bxe5 28. Nd4 Ra3 29. c5 Bd7 30. Rc2 Kf8 31. h3 Ke7 32. b4 Ra4 33. Rc4 dxc5 34.
Rxc5 Bd6 35. Rc2 Rxb4 36. Ne2 f6 37. Nf4 Bc6 38. e5 fxe5 39. Nd3 Rb3 40. Bxc6
bxc6 41. Nc1 Rb5 42. Rxc6 Rb2+ 43. Ne2 Kd7 44. Rb6 Rxb6 45. Bxb6 Nf6 46. Ng3 Be7
47. Kf3 Kc6 48. Be3 Kd5 49. Bg5 e4+ 50. Nxe4 Nxe4 51. Bxe7 Ke5 52. Bb4 1/2-1/2

[Event "TP Chess Masters 2025"]
[Site "Ghent BEL"]
[Date "2025.07.22"]
[Round "8.5"]
[White "Van Osch, Mees"]
[Black "Gormally, Daniel W"]
[Result "1/2-1/2"]
[WhiteTitle "FM"]
[BlackTitle "GM"]
[WhiteElo "2347"]
[BlackElo "2435"]
[WhiteFideId "1035967"]
[BlackFideId "406465"]
[EventDate "2025.07.19"]

1. e4 c5 2. Nf3 d6 3. d4 cxd4 4. Nxd4 Nf6 5. Nc3 Nc6 6. Bg5 e6 7. Qd3 Be7 8.
O-O-O O-O 9. f4 Qb6 10. Nxc6 bxc6 11. e5 dxe5 12. fxe5 Rd8 13. Qh3 Rxd1+ 14.
Nxd1 Qc5 15. Bxf6 gxf6 16. exf6 Bxf6 17. Bd3 h6 18. Rf1 Qg5+ 19. Kb1 Kg7 20. Qf3
Rb8 21. c3 c5 22. Kc2 Bb7 23. Be4 Ba6 24. Rf2 Qe5 25. Ne3 Rxb2+ 26. Kxb2 Qxc3+
27. Kb1 Qa1+ 28. Kc2 Qb2+ 29. Kd1 Qa1+ 30. Kc2 Qb2+ 31. Kd1 1/2-1/2

[Event "TP Chess Masters 2025"]
[Site "Ghent BEL"]
[Date "2025.07.23"]
[Round "9.2"]
[White "Van Volsem, Merlijn"]
[Black "Van Osch, Mees"]
[Result "1-0"]
[BlackTitle "FM"]
[WhiteElo "2278"]
[BlackElo "2347"]
[WhiteFideId "258806"]
[BlackFideId "1035967"]
[EventDate "2025.07.19"]

1. d4 e6 2. c4 Nf6 3. Nc3 Bb4 4. Qc2 d5 5. a3 Bxc3+ 6. Qxc3 c5 7. dxc5 d4 8. Qg3
O-O 9. Bg5 Nbd7 10. O-O-O Nxc5 11. Qe5 Nfd7 12. Bxd8 Nxe5 13. Be7 Nb3+ 14. Kc2
Re8 15. Kxb3 Rxe7 16. Rxd4 Nc6 17. Rd6 e5 18. e3 Be6 19. Nf3 f6 20. Be2 Rc8 21.
Kc3 Na5 22. Rhd1 Kf7 23. Rd8 Rcc7 24. b3 b5 25. Nd2 g6 26. Ne4 bxc4 27. Nd6+ Kg7
28. b4 Nc6 29. Ne8+ Rxe8 30. Rxe8 Bf7 31. Ra8 Ne7 32. Rad8 Be6 33. R8d6 Kf7 34.
b5 Rc5 35. a4 Nd5+ 36. R6xd5 Rxd5 37. Rxd5 Bxd5 38. Bxc4 Ke6 39. e4 Bxc4 40.
Kxc4 Kd6 41. a5 h6 42. g4 h5 43. gxh5 gxh5 44. h4 1-0

[Event "TP Chess Masters 2025"]
[Site "Ghent BEL"]
[Date "2025.07.23"]
[Round "9.3"]
[White "Ruzhansky, Elias"]
[Black "Dauw, Sterre"]
[Result "1/2-1/2"]
[WhiteTitle "FM"]
[BlackTitle "FM"]
[WhiteElo "2320"]
[BlackElo "2354"]
[WhiteFideId "472824"]
[BlackFideId "248886"]
[EventDate "2025.07.19"]

1. e4 c5 2. Nf3 d6 3. d4 cxd4 4. Nxd4 Nf6 5. Nc3 a6 6. Bd3 e5 7. Nde2 Be7 8. O-O
O-O 9. f4 Nbd7 10. Kh1 Re8 11. Ng3 exf4 12. Bxf4 Ne5 13. Nf5 Bxf5 14. exf5 Qb6
15. Bxe5 dxe5 16. Rb1 Qc6 17. Qf3 Qxf3 1/2-1/2

[Event "TP Chess Masters 2025"]
[Site "Ghent BEL"]
[Date "2025.07.23"]
[Round "9.4"]
[White "Fernandez, Daniel Howard"]
[Black "Grutter, Tim"]
[Result "1/2-1/2"]
[WhiteTitle "GM"]
[BlackTitle "IM"]
[WhiteElo "2481"]
[BlackElo "2405"]
[WhiteFideId "5801605"]
[BlackFideId "1057472"]
[EventDate "2025.07.19"]

1. Nf3 Nf6 2. g3 g6 3. Bg2 Bg7 4. O-O O-O 5. d4 d6 6. Nc3 Bf5 7. h3 Ne4 8. Na4
Qd7 9. g4 Qxa4 10. gxf5 gxf5 11. c3 Qxd1 12. Rxd1 d5 13. Ne1 e6 14. Nd3 Nd7 15.
a4 Rac8 16. Bf4 Rfe8 17. f3 Nef6 18. a5 Bf8 19. Kf2 Bd6 20. Bh6 Kh8 21. b4 Rg8
22. e3 Nh5 23. f4 f6 24. Bf3 Ng3 25. Nc5 Bxc5 26. bxc5 Ne4+ 27. Bxe4 dxe4 28. h4
Rg4 29. Rab1 Rxh4 30. Rh1 Rxh1 31. Rxh1 b6 32. Rg1 Rg8 33. Rb1 Rg6 34. c6 Nb8 1/2-1/2

[Event "TP Chess Masters 2025"]
[Site "Ghent BEL"]
[Date "2025.07.23"]
[Round "9.5"]
[White "Victor, Julian"]
[Black "Dgebuadze, Alexandre"]
[Result "0-1"]
[WhiteTitle "FM"]
[BlackTitle "GM"]
[WhiteElo "2316"]
[BlackElo "2396"]
[WhiteFideId "257257"]
[BlackFideId "203882"]
[EventDate "2025.07.19"]

1. d4 Nf6 2. Nf3 d6 3. g3 Bf5 4. Bg2 Qc8 5. O-O g6 6. b3 Bg7 7. Bb2 Bh3 8. c4 h5
9. Nc3 h4 10. e4 Bxg2 11. Kxg2 hxg3 12. fxg3 Ng4 13. Qe2 Bxd4 14. Nd5 Nc6 0-1